| 000 | 00633nam a2200241Ia 4500 | ||
|---|---|---|---|
| 003 | OSt | ||
| 005 | 20220918202148.0 | ||
| 006 | a|||||r|||| 00| 0 | ||
| 007 | ta | ||
| 008 | 220917b |||||||| |||| 00| 0 eng d | ||
| 024 | _a99,223 | ||
| 037 | _cTextual | ||
| 040 |
_aARTS _cARTS _beng |
||
| 041 |
_2eng _aeng |
||
| 082 | _aV2:19.N84-N33, M5 | ||
| 100 |
_aGupta M G _980050 |
||
| 245 | 0 |
_aIndian foreign policy _b theory and practice |
|
| 260 |
_aAgra _bY K Pub _c1985 |
||
| 300 |
_axii+331p. _ccm. |
||
| 650 | _aHISTORY | ||
| 942 |
_hV2:19.N84-N33, M5 _cTEXL _2CC |
||
| 999 |
_c222799 _d222799 |
||